000 01537nam a2200373Ia 4500
001 ebr10659009
003 CaPaEBR
006 m u
007 cr cn|||||||||
008 100604s2010 nyuab sb 001 0 eng d
010 _z 2010022681
020 _z1617288829 (hardcover)
020 _z9781617288821
020 _z9781617610394 (ebook)
040 _aCaPaEBR
_cCaPaEBR
035 _a(OCoLC)787863530
050 1 4 _aGE190.A75
_bC47 2010eb
082 0 4 _a363.700911/3
_222
245 0 0 _aChanges in the Arctic
_h[electronic resource] :
_bbackground and issues /
_cBrandon D. Swarson, editor.
260 _aNew York :
_bNova Science Publishers,
_cc2010.
300 _axi, 229 p. :
_bill., maps.
490 1 _aArctic region and Antarctica issues and research
504 _aIncludes bibliographical references and index.
533 _aElectronic reproduction.
_bPalo Alto, Calif. :
_cebrary,
_d2013.
_nAvailable via World Wide Web.
_nAccess may be limited to ebrary affiliated libraries.
650 0 _aEnvironmental degradation
_zArctic regions.
650 0 _aEnvironmental policy
_zArctic regions.
650 0 _aGlobal environmental change
_zArctic regions.
651 0 _aArctic regions
_xEnvironmental conditions.
655 7 _aElectronic books.
_2local
700 1 _aSwarson, Brandon D.
710 2 _aebrary, Inc.
830 0 _aArctic region and Antarctica issues and research.
856 4 0 _uhttp://site.ebrary.com/lib/rucke/Doc?id=10659009
_zAn electronic book accessible through the World Wide Web; click to view
999 _c64443
_d64443